Human rights social justice and political challenge / (Record no. 65808)

MARC details
000 -LEADER
fixed length control field 00455nam a22001457a 4500
005 - DATE AND TIME OF LATEST TRANSACTION
control field 20180806172153.0
020 ## - INTERNATIONAL STANDARD BOOK NUMBER
International Standard Book Number 817391284X
Terms of availability 00.00
035 ## - SYSTEM CONTROL NUMBER
System control number A-992074, A-992076
037 ## - SOURCE OF ACQUISITION
Stock number DPL
Source of stock number/acquisition ENG
100 ## - MAIN ENTRY--PERSONAL NAME
Personal name Borgohain, Bani
245 ## - TITLE STATEMENT
Title Human rights social justice and political challenge /
Statement of responsibility, etc by Bani Borgohain
260 ## - PUBLICATION, DISTRIBUTION, ETC. (IMPRINT)
Place of publication, distribution, etc New Delhi
Name of publisher, distributor, etc Kanishka Publishers, Distributors
Date of publication, distribution, etc 1999
300 ## - PHYSICAL DESCRIPTION
Extent v, 287p.
Dimensions 20 cms.
942 ## - ADDED ENTRY ELEMENTS (KOHA)
Source of classification or shelving scheme Dewey Decimal Classification
Item type English Books
Classification part 323
Call number suffix BOR
Holdings
Withdrawn status Lost status Not for loan Collection code Home library Current library Date acquired Cost, normal purchase price Full call number Barcode Cost, replacement price Koha item type Source of acquisition
      Non-fiction Sarojini Nagar Sarojini Nagar 30/04/2012 0.00 323 BOR A-992074 0.00 English Books  
      Non-fiction Shahdara Branch Shahdara Branch 06/08/2018 0.00 323 BOR A-992076 0.00 English Books BPPD/PUB

© Delhi Public Library
Hit Counter
free hit counter